💯 Most given Baby Boy 👦 names in the USA 🇺🇸 in 1993 - Statistics

General Stats
  • This quiz has been taken 126 times
  • The average score is 68 of 100
Answer Stats
Order Name % Correct
#16 John
95%
#1 Michael
95%
#17 Robert
95%
#27 Thomas
95%
#18 William
95%
#7 Daniel
93%
#52 Alex
90%
#14 James
90%
#36 Jose
90%
#56 Paul
90%
#82 Peter
90%
#39 Adam
89%
#10 Andrew
89%
#11 David
89%
#40 Richard
89%
#43 Charles
88%
#49 Mark
88%
#21 Alexander
87%
#3 Matthew
87%
#41 Nathan
87%
#19 Anthony
85%
#78 Edward
85%
#4 Joshua
85%
#25 Kevin
85%
#34 Brian
84%
#12 Joseph
84%
#87 Luke
84%
#91 Victor
84%
#30 Aaron
83%
#33 Benjamin
83%
#2 Christopher
83%
#9 Jacob
83%
#45 Jason
82%
#95 Lucas
82%
#38 Timothy
82%
#5 Tyler
82%
#15 Zachary
82%
#29 Eric
80%
#23 Kyle
80%
#8 Nicholas
80%
#13 Ryan
80%
#37 Samuel
80%
#31 Steven
80%
#20 Justin
79%
#44 Patrick
79%
#70 Ian
77%
#60 Kenneth
77%
#100 Vincent
77%
#92 Ethan
74%
#6 Brandon
73%
#35 Christian
73%
#28 Jordan
73%
#22 Jonathan
72%
#75 Nathaniel
72%
#42 Sean
71%
#53 Jeffrey
70%
#62 Evan
67%
#46 Jeremy
67%
#76 Logan
67%
#69 Scott
67%
#47 Stephen
67%
#74 Marcus
66%
#73 Bradley
65%
#65 Gregory
65%
#51 Taylor
60%
#66 Caleb
59%
#86 Gabriel
59%
#48 Jesse
59%
#97 Hunter
57%
#61 Bryan
55%
#26 Austin
54%
#54 Cameron
54%
#57 Connor
54%
#32 Dylan
54%
#72 Carlos
50%
#67 Derek
50%
#55 Juan
50%
#84 Shane
50%
#64 Trevor
50%
#99 Adrian
49%
#77 Shawn
49%
#24 Cody
48%
#50 Travis
46%
#80 Jesus
45%
#93 Seth
45%
#81 Mitchell
41%
#89 Antonio
40%
#83 Blake
38%
#68 Corey
38%
#88 Miguel
38%
#63 Jared
37%
#79 Garrett
35%
#96 Spencer
34%
#94 Cory
32%
#59 Dustin
30%
#58 Luis
28%
#71 Devin
27%
#90 Dillon
20%
#98 Tanner
20%
#85 Dakota
10%
No matching quizzes found
Score Distribution
Percent of People with Each Score
Percentile by Number Answered
Your Score History
You have not taken this quiz